[Event "Titled Tuesday intern op 16th Apr Late"]
[Site "Chess.com INT"]
[Date "2024.04.16"]
[Round "4"]
[White "Leschinsky, Gary"]
[Black "Mathur, Rithwik"]
[Result "0-1"]
[WhiteElo "1992"]
[BlackElo "2111"]
[PlyCount "52"]
[EventDate "2024.04.16"]
[EventType "swiss (blitz)"]
[EventRounds "11"]
[EventCountry "USA"]
[SourceTitle "CB17_2024"]
[SourceDate "2024.04.24"]
[SourceVersion "1"]
[SourceVersionDate "2024.04.24"]
[SourceQuality "1"]

1. Nf3 Nf6 2. d4 d5 3. Bf4 c5 4. e3 Nc6 5. Nc3 cxd4 6. exd4 a6 7. Ne5 Bd7 8. Nxd7 Qxd7 9. Be2 e6 10. 0-0 Bd6 11. Bxd6 Qxd6 12. Na4 Nd7 13. c3 b5 14. Nc5 Nxc5 15. dxc5 Qxc5 16. b4 Qd6 17. a4 0-0 18. axb5 axb5 19. Bxb5 Ne5 20. Qe2 Qc7 21. f4 Ng6 22. Rxa8 Rxa8 23. f5 exf5 24. Rxf5 Qxc3 25. h3 Qxb4 26. Bc6 Qc5+ 0-1

[Event "Titled Tuesday intern op 12th Mar Late"]
[Site "Chess.com INT"]
[Date "2024.03.12"]
[Round "2"]
[White "Van Roon, Sjoerd"]
[Black "Mathur, Rithwik"]
[Result "1-0"]
[WhiteElo "2238"]
[BlackElo "2111"]
[PlyCount "109"]
[EventDate "2024.03.12"]
[EventType "swiss (blitz)"]
[EventRounds "11"]
[EventCountry "USA"]
[SourceTitle "CB12_2024"]
[SourceDate "2023.10.01"]
[SourceVersion "1"]
[SourceVersionDate "2023.10.01"]
[SourceQuality "1"]

1. e4 e5 2. Nf3 Nc6 3. Bc4 Bc5 4. c3 Nf6 5. d3 a6 6. a4 0-0 7. Nbd2 d6 8. Nf1 Be6 9. Bb3 Bxb3 10. Qxb3 d5 11. Ng3 dxe4 12. dxe4 Qd3 13. Qxb7 Nxe4 14. Nxe4 Qxe4+ 15. Kf1 Qc4+ 16. Kg1 Na5 17. Nd2 Qe2 18. Qf3 Qe1+ 19. Nf1 Nb3 20. Rb1 Nxc1 21. h3 Ne2+ 22. Kh2 Qxb1 23. Qxe2 Rfe8 24. b4 Bd6 25. Ne3 Qb3 26. a5 e4+ 27. g3 Qxc3 28. Rb1 Rab8 29. Qxa6 Rxb4 30. Rd1 Rd4 31. Rf1 Rd2 32. Qb5 Rf8 33. Ng2 Rxf2 34. Rxf2 Bxg3+ 35. Kg1 Bxf2+ 36. Kxf2 Qf3+ 37. Kg1 e3 38. a6 Qf2+ 39. Kh2 e2 40. Qe5 c5 41. a7 c4 42. Qe4 c3 43. a8Q e1Q 44. Qxf8+ Kxf8 45. Qxe1 Qxe1 46. Nxe1 Ke7 47. Nc2 Ke6 48. Kg3 Ke5 49. Kf3 f5 50. Ke3 g5 51. Kd3 h5 52. Ne1 h4 53. Ke3 g4 54. Nd3+ Kf6 55. Nf4 1-0

[Event "Titled Tuesday intern op 27th Feb Late"]
[Site "Chess.com INT"]
[Date "2024.02.27"]
[Round "4"]
[White "Luukkonen, Tommi"]
[Black "Mathur, Rithwik"]
[Result "1-0"]
[WhiteElo "2242"]
[BlackElo "2111"]
[PlyCount "55"]
[EventDate "2024.02.27"]
[EventType "swiss (blitz)"]
[EventRounds "11"]
[EventCountry "USA"]
[SourceTitle "CB10_2024"]
[SourceDate "2024.03.06"]
[SourceVersion "1"]
[SourceVersionDate "2024.03.06"]
[SourceQuality "1"]

1. e4 e5 2. f4 exf4 3. Nf3 d5 4. exd5 Nf6 5. Bb5+ Nbd7 6. c4 a6 7. Ba4 b5 8. cxb5 Nxd5 9. 0-0 Be7 10. Nc3 N7b6 11. Bc2 0-0 12. d4 axb5 13. Qd3 g6 14. Nxb5 Ba6 15. Qb3 Qd7 16. Bd3 Rab8 17. Ne5 Qe6 18. a4 c6 19. Nc3 Nc4 20. Qd1 Nxe5 21. Bxa6 Nd7 22. Re1 Qd6 23. Ne4 Qb4 24. Rf1 Rfe8 25. Kh1 Qb6 26. Bc4 f5 27. a5 N7f6 28. axb6 1-0

[Event "Titled Tuesday intern op 27th Feb Late"]
[Site "Chess.com INT"]
[Date "2024.02.27"]
[Round "1"]
[White "Martinez Pla, Xavier"]
[Black "Mathur, Rithwik"]
[Result "1-0"]
[WhiteElo "2247"]
[BlackElo "2111"]
[PlyCount "49"]
[EventDate "2024.02.27"]
[EventType "swiss (blitz)"]
[EventRounds "11"]
[EventCountry "USA"]
[SourceTitle "CB10_2024"]
[SourceDate "2024.03.06"]
[SourceVersion "1"]
[SourceVersionDate "2024.03.06"]
[SourceQuality "1"]

1. e4 e5 2. Nf3 Nc6 3. d4 exd4 4. Nxd4 Nf6 5. Nxc6 bxc6 6. Qe2 Be7 7. e5 Nd5 8. Qg4 g6 9. Qg3 d6 10. c4 Nb6 11. Nc3 Be6 12. Qf3 Qd7 13. c5 Nd5 14. Be2 0-0 15. exd6 cxd6 16. cxd6 Bxd6 17. 0-0 Rfe8 18. h3 Rab8 19. Ne4 Be7 20. Bf4 Rxb2 21. Be5 f5 22. Bxb2 fxe4 23. Qxe4 Bf5 24. Qc4 Bg5 25. Bf3 1-0

[Event "Titled Tuesday intern op 27th Feb Late"]
[Site "Chess.com INT"]
[Date "2024.02.27"]
[Round "3"]
[White "Mathur, Rithwik"]
[Black "Rubio Tent, Francisco"]
[Result "0-1"]
[WhiteElo "2111"]
[BlackElo "2283"]
[PlyCount "86"]
[EventDate "2024.02.27"]
[EventType "swiss (blitz)"]
[EventRounds "11"]
[EventCountry "USA"]
[SourceTitle "CB10_2024"]
[SourceDate "2024.03.06"]
[SourceVersion "1"]
[SourceVersionDate "2024.03.06"]
[SourceQuality "1"]

1. d4 d5 2. Nf3 Nf6 3. Bf4 c5 4. e3 Nc6 5. Nbd2 Bg4 6. c3 e6 7. Bb5 Qb6 8. Qa4 Nd7 9. 0-0 Be7 10. Bxc6 Qxc6 11. Qxc6 bxc6 12. h3 Bh5 13. b3 f6 14. c4 g5 15. Bh2 Kf7 16. Rfe1 Rac8 17. e4 cxd4 18. Nxd4 Bc5 19. N4f3 d4 20. e5 f5 21. Nxg5+ Ke7 22. f4 h6 23. Ngf3 Rhg8 24. Rad1 a5 25. Kf1 a4 26. Bg1 axb3 27. axb3 Ra8 28. Bxd4 Bxd4 29. Nxd4 Bxd1 30. Nxc6+ Kf7 31. Rxd1 Rab8 32. b4 Rb7 33. b5 Nc5 34. Ke2 Rc8 35. Nf3 Ne4 36. Nfd4 Nc3+ 37. Ke1 Nxd1 38. Kxd1 Rbc7 39. c5 Rd7 40. b6 Rxc6 41. Ke2 Rxd4 42. Ke3 Rb4 43. Kd3 Rxc5 0-1

[Event "Titled Tuesday intern op 13th Feb Late"]
[Site "Chess.com INT"]
[Date "2024.02.13"]
[Round "4"]
[White "Mathur, Rithwik"]
[Black "Kopacz, Grzegorz"]
[Result "1-0"]
[WhiteElo "2111"]
[BlackElo "1997"]
[PlyCount "31"]
[EventDate "2024.02.13"]
[EventType "swiss (blitz)"]
[EventRounds "11"]
[EventCountry "USA"]
[SourceTitle "CB08_2024"]
[SourceDate "2024.02.21"]
[SourceVersion "1"]
[SourceVersionDate "2024.02.21"]
[SourceQuality "1"]

1. d4 c5 2. c3 cxd4 3. cxd4 g6 4. Nc3 Bg7 5. e4 Nc6 6. Nf3 d6 7. h3 Nf6 8. Bc4 0-0 9. 0-0 Be6 10. d5 Na5 11. dxe6 Nxc4 12. exf7+ Rxf7 13. Ng5 Qb6 14. Nxf7 Kxf7 15. Nd5 Nxd5 16. Qxd5+ 1-0

[Event "Titled Tuesday intern op 13th Feb Late"]
[Site "Chess.com INT"]
[Date "2024.02.13"]
[Round "5"]
[White "Wu, Derek"]
[Black "Mathur, Rithwik"]
[Result "1-0"]
[WhiteElo "2295"]
[BlackElo "2111"]
[PlyCount "33"]
[EventDate "2024.02.13"]
[EventType "swiss (blitz)"]
[EventRounds "11"]
[EventCountry "USA"]
[SourceTitle "CB08_2024"]
[SourceDate "2024.02.21"]
[SourceVersion "1"]
[SourceVersionDate "2024.02.21"]
[SourceQuality "1"]

1. d4 Nf6 2. c4 e6 3. Nf3 d5 4. g3 dxc4 5. Bg2 a6 6. 0-0 Nc6 7. e3 Rb8 8. Nfd2 e5 9. Bxc6+ bxc6 10. dxe5 Ng4 11. Nxc4 Be6 12. Qa4 Qd5 13. b3 Nxe5 14. Nbd2 Nf3+ 15. Nxf3 Qxf3 16. Ne5 Qe4 17. Qxe4 1-0

[Event "Titled Tuesday intern op 29th Nov Late"]
[Site "Chess.com INT"]
[Date "2022.11.29"]
[Round "3"]
[White "Mathur, Rithwik"]
[Black "Domingo Nunez, Ruben"]
[Result "0-1"]
[WhiteElo "2111"]
[BlackElo "2387"]
[PlyCount "50"]
[EventDate "2022.11.29"]
[EventType "swiss (blitz)"]
[EventRounds "11"]
[EventCountry "USA"]
[SourceTitle "EXT 2024"]
[Source "ChessBase"]
[SourceDate "2023.10.10"]
[SourceVersion "1"]
[SourceVersionDate "2023.10.10"]
[SourceQuality "1"]

1. Nf3 g6 2. d4 Bg7 3. g3 Nf6 4. Bg2 0-0 5. 0-0 d6 6. b3 Nbd7 7. Bb2 c5 8. c4 Rb8 9. Nc3 a6 10. a4 b6 11. d5 Ne8 12. Qc2 Nc7 13. e4 b5 14. axb5 axb5 15. Nxb5 Bxb2 16. Qxb2 Nxb5 17. cxb5 Rxb5 18. Rfc1 Qb6 19. Nd2 Ne5 20. Bf1 Rb4 21. f4 c4+ 22. Kg2 Nd3 23. Bxd3 cxd3 24. Nc4 Rxb3 25. Nxb6 Rxb2+ 0-1

[Event "Titled Tuesday intern op 20th Sep Late"]
[Site "Chess.com INT"]
[Date "2022.09.20"]
[Round "3"]
[White "Manukyan, Artyom"]
[Black "Mathur, Rithwik"]
[Result "1-0"]
[WhiteElo "2126"]
[BlackElo "2111"]
[PlyCount "29"]
[EventDate "2022.09.20"]
[EventType "swiss (blitz)"]
[EventRounds "11"]
[EventCountry "USA"]
[SourceTitle "EXT 2023"]
[Source "ChessBase"]
[SourceDate "2022.10.05"]
[SourceVersion "1"]
[SourceVersionDate "2022.10.05"]
[SourceQuality "1"]

1. e4 c5 2. Nc3 Nc6 3. Bb5 g6 4. Bxc6 bxc6 5. d3 Bg7 6. f4 e6 7. Nf3 d5 8. 0-0 Ne7 9. Qe1 0-0 10. Qh4 Rb8 11. Ng5 h6 12. Nf3 Ba6 13. f5 g5 14. Bxg5 hxg5 15. Nxg5 1-0

[Event "Titled Tuesday intern op 20th Sep Late"]
[Site "Chess.com INT"]
[Date "2022.09.20"]
[Round "4"]
[White "Mathur, Rithwik"]
[Black "Melikhov, Evgeny V"]
[Result "0-1"]
[WhiteElo "2111"]
[BlackElo "2269"]
[PlyCount "96"]
[EventDate "2022.09.20"]
[EventType "swiss (blitz)"]
[EventRounds "11"]
[EventCountry "USA"]
[SourceTitle "EXT 2023"]
[Source "ChessBase"]
[SourceDate "2022.10.05"]
[SourceVersion "1"]
[SourceVersionDate "2022.10.05"]
[SourceQuality "1"]

1. d4 Nf6 2. Nf3 d5 3. Bf4 c5 4. e3 Nc6 5. Nbd2 cxd4 6. exd4 Bg4 7. Bd3 e6 8. c3 h6 9. 0-0 Bd6 10. Bxd6 Qxd6 11. h3 Bxf3 12. Nxf3 0-0 13. Re1 Qc7 14. Qe2 a6 15. Ne5 Nxe5 16. Qxe5 Qxe5 17. Rxe5 b5 18. a4 Rab8 19. axb5 axb5 20. Ree1 b4 21. c4 dxc4 22. Bxc4 Rfd8 23. Red1 Rd6 24. Ra5 Rbd8 25. Rb5 Rxd4 26. Rxd4 Rxd4 27. Rxb4 g5 28. b3 Kg7 29. Rb7 Kg6 30. Rc7 Ne4 31. f3 Rd1+ 32. Kh2 Nf2 33. Kg3 Nh1+ 34. Kh2 Nf2 35. Kg3 Nh1+ 36. Kh2 h5 37. g3 h4 38. gxh4 gxh4 39. Rc8 Ng3 40. Kg2 Rd2+ 41. Kg1 Rb2 42. Rd8 Nf5 43. Rd1 Kg5 44. Re1 Kf4 45. Re2 Rxe2 46. Bxe2 Ke3 47. Bc4 Kxf3 48. b4 Nd4 0-1

[Event "Denker Memorial 26th"]
[Site "Chess.com INT"]
[Date "2020.07.26"]
[Round "5"]
[White "Turgut, Aydin"]
[Black "Mathur, Rithwik"]
[Result "1/2-1/2"]
[WhiteElo "2269"]
[BlackElo "2111"]
[PlyCount "101"]
[EventDate "2020.07.25"]
[EventType "swiss"]
[EventRounds "6"]
[EventCountry "USA"]
[SourceTitle "EXT 2021"]
[Source "ChessBase"]
[SourceDate "2020.10.23"]
[SourceVersion "1"]
[SourceVersionDate "2020.10.23"]
[SourceQuality "1"]

1. e4 e5 2. Nf3 Nf6 3. Nxe5 d6 4. Nf3 Nxe4 5. Nc3 Nxc3 6. dxc3 Be7 7. Be3 Nc6 8. Qd2 Be6 9. Nd4 Nxd4 10. cxd4 d5 11. Bd3 Qd7 12. Bf4 c6 13. 0-0-0 Bd6 14. Bxd6 Qxd6 15. Qg5 g6 16. h4 Qe7 17. Rde1 Kd7 18. Re3 Rae8 19. c3 h5 20. Qe5 Qd6 21. Rhe1 Qxe5 22. Rxe5 f6 23. R5e3 Bf7 24. Kd2 Rxe3 25. Rxe3 Re8 26. Rf3 Ke7 27. Re3+ Kd7 28. Rxe8 Kxe8 29. Ke3 Ke7 30. Kf4 Be8 31. f3 Kf7 32. a4 b6 33. g4 Bd7 34. gxh5 gxh5 35. Bf5 Be6 36. b3 a6 37. Bd3 a5 38. Bf5 b5 39. Bd3 bxa4 40. bxa4 Bc8 41. Bc2 Bd7 42. Bf5 Be6 43. Bc2 Bd7 44. Bb1 Bc8 45. Bd3 Bd7 46. c4 Bc8 47. c5 Bd7 48. Ba6 Kg6 49. Bf1 Kf7 50. Bd3 Bc8 51. Be2 1/2-1/2

[Event "Titled Tuesday intern op 9th June"]
[Site "Chess.com INT"]
[Date "2020.06.09"]
[Round "8"]
[White "Mathur, Rithwik"]
[Black "Al Tarbosh, Ward"]
[Result "1-0"]
[WhiteElo "2111"]
[BlackElo "2230"]
[PlyCount "85"]
[EventDate "2020.06.09"]
[EventType "swiss (blitz)"]
[EventRounds "10"]
[EventCountry "USA"]
[SourceTitle "CBM 196 Extra"]
[Source "ChessBase"]
[SourceDate "2020.07.31"]
[SourceVersion "1"]
[SourceVersionDate "2020.07.31"]
[SourceQuality "1"]

1. e4 e6 2. c4 d5 3. cxd5 exd5 4. Qb3 Nc6 5. exd5 Nb4 6. Bc4 Bf5 7. d3 Nf6 8. a3 Nbxd5 9. Nc3 c6 10. Qxb7 Rc8 11. Nf3 Rc7 12. Qb3 Qe7+ 13. Ne2 Rb7 14. Qa4 Bd7 15. 0-0 Nb6 16. Qc2 Nxc4 17. dxc4 Qc5 18. Re1 Be7 19. Be3 Qf5 20. Qa4 0-0 21. Ned4 Qg6 22. Ne5 Qh5 23. Nxd7 Rxd7 24. Nxc6 Bd6 25. h3 h6 26. Qb5 Qg6 27. Rad1 Qc2 28. Rd2 Qe4 29. Rd4 Qe6 30. Red1 Ne4 31. f3 Ng3 32. Re1 a6 33. Qd5 Ne2+ 34. Rxe2 Bh2+ 35. Kxh2 Rxd5 36. cxd5 Qd6+ 37. Bf4 Qc5 38. b4 Qb5 39. Rc2 Kh7 40. d6 Re8 41. d7 Re1 42. d8Q Qf1 43. Qd5 1-0

[Event "US Denker op 120th"]
[Site "Orlando"]
[Date "2019.08.05"]
[Round "5"]
[White "Tiglon, Bryce"]
[Black "Mathur, Rithwik"]
[Result "1-0"]
[WhiteElo "2368"]
[BlackElo "2043"]
[PlyCount "51"]
[EventDate "2019.08.03"]
[EventType "swiss"]
[EventRounds "6"]
[EventCountry "USA"]
[SourceTitle "EXT 2020"]
[Source "ChessBase"]
[SourceDate "2019.10.17"]
[SourceVersion "1"]
[SourceVersionDate "2019.10.17"]
[SourceQuality "1"]

1. e4 c5 2. Nf3 d6 3. d4 cxd4 4. Nxd4 Nf6 5. Nc3 Nc6 6. f3 e5 7. Nb3 Be7 8. Be3 Be6 9. Qe2 0-0 10. 0-0-0 Qb8 11. Nd5 Bxd5 12. exd5 Nb4 13. Qb5 a5 14. Nxa5 Na6 15. Bc4 Rc8 16. Kb1 Bd8 17. Bb3 Nc7 18. Qb4 Ncxd5 19. Bxd5 Rxa5 20. Bxb7 d5 21. Qb3 d4 22. Bxc8 Qxc8 23. Bg5 Nd5 24. Bxd8 Qxd8 25. Rhe1 Qe8 26. Rxd4 1-0

[Event "Washington op 8th"]
[Site "Rockville"]
[Date "2019.07.27"]
[Round "2"]
[White "Mathur, Rithwik"]
[Black "Mulyar, Michael A"]
[Result "1/2-1/2"]
[WhiteElo "2043"]
[BlackElo "2381"]
[PlyCount "55"]
[EventDate "2019.07.27"]
[EventType "swiss"]
[EventRounds "9"]
[EventCountry "USA"]
[SourceTitle "CBM 191 Extra"]
[Source "ChessBase"]
[SourceDate "2019.09.30"]
[SourceVersion "1"]
[SourceVersionDate "2019.09.30"]
[SourceQuality "1"]

1. e4 e5 2. Nf3 Nc6 3. Bb5 a6 4. Ba4 Nf6 5. d3 b5 6. Bb3 Bc5 7. Nc3 h6 8. Nd5 d6 9. c3 Be6 10. Nxf6+ Qxf6 11. 0-0 0-0 12. Be3 Ne7 13. d4 Bb6 14. Bxe6 Qxe6 15. Re1 Ng6 16. Qb3 Qe7 17. a4 Rab8 18. axb5 axb5 19. dxe5 Nxe5 20. Nxe5 Qxe5 21. Bxb6 Rxb6 22. Ra7 Rc8 23. g3 Rbb8 24. Qd5 b4 25. Qxe5 dxe5 26. Rc1 bxc3 27. Rxc3 Rxb2 28. Rcxc7 1/2-1/2

[Event "USA-ch High School K12"]
[Site "Schaumburg"]
[Date "2019.03.17"]
[Round "7"]
[White "Mathur, Rithwik"]
[Black "Chen, Justin"]
[Result "1-0"]
[WhiteElo "2166"]
[BlackElo "2340"]
[PlyCount "109"]
[EventDate "2019.03.15"]
[EventType "swiss"]
[EventRounds "7"]
[EventCountry "USA"]
[SourceTitle "CBM 189 Extra"]
[Source "ChessBase"]
[SourceDate "2019.06.03"]
[SourceVersion "1"]
[SourceVersionDate "2019.06.03"]
[SourceQuality "1"]

1. d4 Nf6 2. c4 e6 3. Nf3 d5 4. e3 c5 5. cxd5 exd5 6. dxc5 Bxc5 7. Nc3 Nc6 8. Bd3 0-0 9. 0-0 Bg4 10. Be2 a6 11. b3 Qd6 12. Bb2 Rad8 13. Nd4 Ne5 14. Rc1 Rfe8 15. Nf3 Nc6 16. Nd4 Ne5 17. Nf3 Ng6 18. Na4 Ba7 19. Bd4 Bb8 20. Bc5 Qe6 21. g3 Qf5 22. Bd4 Ne4 23. Nh4 Bxe2 24. Nxf5 Bxd1 25. Rfxd1 f6 26. Bb6 Rd7 27. Nc5 Nxc5 28. Rxc5 Ne7 29. Nxe7+ Rdxe7 30. Rcxd5 Kf7 31. Bc5 Rc7 32. b4 Kg6 33. Rd8 Rc8 34. Rxe8 Rxe8 35. a4 Bc7 36. Rd7 Rc8 37. Bd4 b5 38. axb5 axb5 39. Kg2 h5 40. Kf3 h4 41. Ke4 h3 42. Kf3 Be5 43. Bxe5 fxe5 44. Rd5 Rf8+ 45. Ke2 Ra8 46. Rxe5 Ra1 47. Rxb5 Rh1 48. g4 Rxh2 49. Rh5 Kf6 50. Kf3 g6 51. Rh8 Kg5 52. b5 Rh1 53. b6 Rb1 54. Rxh3 Rxb6 55. Kg3 1-0

[Event "Saint Louis SPICE Cup op 11th"]
[Site "Saint Louis"]
[Date "2017.10.24"]
[Round "6"]
[White "Colas, Joshua"]
[Black "Mathur, Rithwik"]
[Result "1/2-1/2"]
[WhiteElo "2242"]
[BlackElo "1986"]
[PlyCount "130"]
[EventDate "2017.10.21"]
[EventType "swiss"]
[EventRounds "9"]
[EventCountry "USA"]
[SourceTitle "CBM 181 Extra"]
[Source "ChessBase"]
[SourceDate "2017.12.12"]
[SourceVersion "1"]
[SourceVersionDate "2017.12.12"]
[SourceQuality "1"]

1. Nf3 d5 2. g3 g6 3. Bg2 Bg7 4. d4 Nf6 5. 0-0 0-0 6. c4 dxc4 7. Na3 c3 8. bxc3 c5 9. e3 Nc6 10. Bb2 Bf5 11. Nc4 Rc8 12. Nce5 Qb6 13. Nxc6 bxc6 14. Ba3 Nd7 15. Nd2 Qa6 16. Bb2 Bd3 17. Re1 Rb8 18. Qc1 cxd4 19. exd4 e5 20. Nb3 Rfe8 21. Bh3 f5 22. Bg2 e4 23. h4 Bf8 24. h5 c5 25. hxg6 Qxg6 26. dxc5 Nxc5 27. Nxc5 Bxc5 28. Ba3 Bb6 29. Qf4 Rbc8 30. Rac1 Rc4 31. Qd6 Qxd6 32. Bxd6 Rec8 33. Be5 Kf7 34. Bh3 Ke6 35. Bg7 R4c7 36. Rcd1 Bc2 37. Rd2 Rxg7 38. Rxc2 Rxg3+ 39. Kh2 Rgxc3 40. Rxc3 Rxc3 41. Rxe4+ Kf6 42. Re2 Bc7+ 43. Kg2 f4 44. Bg4 Kg5 45. Bf3 h5 46. Be4 h4 47. Rc2 f3+ 48. Kg1 Rxc2 49. Bxc2 Bb6 50. Be4 Kf4 51. Bd5 a5 52. a4 h3 53. Bc6 Bc5 54. Kh2 Bxf2 55. Kxh3 Bg1 56. Bb7 Bf2 57. Bc6 Be1 58. Bb7 Bc3 59. Bc6 Be5 60. Bb7 Bd4 61. Bc6 Ke3 62. Kg4 f2 63. Bb5 Be5 64. Ba6 Kd2 65. Kf3 Ke1 1/2-1/2

[Event "Saint Louis SPICE Cup op 11th"]
[Site "Saint Louis"]
[Date "2017.10.23"]
[Round "4"]
[White "Furfine, Jacob"]
[Black "Mathur, Rithwik"]
[Result "0-1"]
[WhiteElo "2297"]
[BlackElo "1986"]
[PlyCount "128"]
[EventDate "2017.10.21"]
[EventType "swiss"]
[EventRounds "9"]
[EventCountry "USA"]
[SourceTitle "CBM 181 Extra"]
[Source "ChessBase"]
[SourceDate "2017.12.12"]
[SourceVersion "1"]
[SourceVersionDate "2017.12.12"]
[SourceQuality "1"]

1. d4 Nf6 2. Nf3 d5 3. c4 e6 4. Nc3 Nbd7 5. g3 dxc4 6. Bg2 c6 7. a4 Bb4 8. 0-0 0-0 9. Qc2 Qe7 10. Rd1 e5 11. Bg5 exd4 12. Rxd4 h6 13. Bf4 Bc5 14. Rdd1 Re8 15. Nd4 Nf8 16. Nf5 Bxf5 17. Qxf5 Ng6 18. e3 Rad8 19. Bf1 Bb4 20. Bxc4 Nxf4 21. Qxf4 Bxc3 22. bxc3 Rxd1+ 23. Rxd1 Rd8 24. Rd4 Rxd4 25. cxd4 Qb4 26. Qb8+ Kh7 27. Bd3+ g6 28. Kg2 Kg7 29. Qxa7 Qd2 30. Qxb7 Ng4 31. Bxg6 Qxf2+ 32. Kh3 Kxg6 33. Qxc6+ Nf6 34. Qb5 Qxe3 35. a5 Qxd4 36. a6 Qd7+ 37. Qxd7 Nxd7 38. a7 Nb6 39. Kg4 Na8 40. Kf4 Kf6 41. g4 Nc7 42. h4 Kg6 43. Ke4 Kf6 44. Kf4 Kg6 45. Ke4 f6 46. Kd3 h5 47. gxh5+ Kxh5 48. Ke4 Kg4 49. h5 Kg5 50. Kd4 Nb5+ 51. Kd5 Nxa7 52. Ke6 Nb5 53. h6 Kg6 54. h7 Nc7+ 55. Ke7 Nd5+ 56. Ke6 Kxh7 57. Kxd5 Kg6 58. Ke4 Kg5 59. Kf3 Kf5 60. Kg3 Ke4 61. Kf2 Kf4 62. Kg2 Ke3 63. Kg3 f5 64. Kg2 f4 0-1

[Event "Saint Louis SPICE Cup op 11th"]
[Site "Saint Louis"]
[Date "2017.10.21"]
[Round "1"]
[White "Mathur, Rithwik"]
[Black "Thavandiran, Shiyam"]
[Result "0-1"]
[WhiteElo "1986"]
[BlackElo "2385"]
[PlyCount "38"]
[EventDate "2017.10.21"]
[EventType "swiss"]
[EventRounds "9"]
[EventCountry "USA"]
[SourceTitle "CBM 181 Extra"]
[Source "ChessBase"]
[SourceDate "2017.12.12"]
[SourceVersion "1"]
[SourceVersionDate "2017.12.12"]
[SourceQuality "1"]

1. d4 Nf6 2. Bf4 g6 3. Nc3 d5 4. e3 Bg7 5. h4 0-0 6. h5 c5 7. hxg6 hxg6 8. Qd2 Nc6 9. dxc5 Qa5 10. Nf3 Qxc5 11. 0-0-0 Bg4 12. Be2 Ne4 13. Na4 Qb4 14. Qxb4 Nxb4 15. a3 Na2+ 16. Kb1 Bd7 17. Kxa2 Bxa4 18. Rhf1 Rac8 19. Nd4 e5 0-1

[Event "Wisconsin Int"]
[Site "Madison"]
[Date "2017.06.15"]
[Round "5"]
[White "Harshita, Guddanti"]
[Black "Mathur, Rithwik"]
[Result "1-0"]
[WhiteElo "2023"]
[BlackElo "2092"]
[PlyCount "51"]
[EventDate "2017.06.13"]
[EventType "swiss"]
[EventRounds "9"]
[EventCountry "USA"]
[SourceTitle "CBM 179 Extra"]
[Source "ChessBase"]
[SourceDate "2017.08.23"]
[SourceVersion "1"]
[SourceVersionDate "2017.08.23"]
[SourceQuality "1"]

1. e4 e6 2. d4 d5 3. Nc3 Nf6 4. Bg5 dxe4 5. Nxe4 Be7 6. Bxf6 gxf6 7. Nf3 a6 8. g3 f5 9. Ned2 b5 10. Bg2 Bb7 11. Qe2 Nd7 12. 0-0-0 Nf6 13. Kb1 Rg8 14. Rhg1 Ne4 15. Nxe4 Bxe4 16. Ne5 Bxg2 17. Rxg2 Bf6 18. Qf3 Kf8 19. Rgg1 Qe8 20. g4 Bxe5 21. dxe5 fxg4 22. Rxg4 Rxg4 23. Qxg4 Rd8 24. Qb4+ Kg8 25. Rg1+ Kh8 26. Qh4 1-0

[Event "Wisconsin Int"]
[Site "Madison"]
[Date "2017.06.14"]
[Round "2"]
[White "Mathur, Rithwik"]
[Black "Mulyar, Michael A"]
[Result "1-0"]
[WhiteElo "2092"]
[BlackElo "2407"]
[PlyCount "51"]
[EventDate "2017.06.13"]
[EventType "swiss"]
[EventRounds "9"]
[EventCountry "USA"]
[SourceTitle "CBM 179 Extra"]
[Source "ChessBase"]
[SourceDate "2017.08.23"]
[SourceVersion "1"]
[SourceVersionDate "2017.08.23"]
[SourceQuality "1"]

1. d4 d5 2. Bf4 Nf6 3. e3 c5 4. dxc5 Nc6 5. Bb5 Qa5+ 6. Nc3 a6 7. Bxc6+ bxc6 8. Qd4 e6 9. b4 Qa3 10. Nge2 a5 11. b5 Bxc5 12. Qa4 0-0 13. bxc6 Ba6 14. Rb1 Rfc8 15. c7 Qxa4 16. Nxa4 Ba7 17. Nd4 Nd7 18. Bd6 Bxd4 19. exd4 f6 20. f4 Bc4 21. Nb6 Nxb6 22. Rxb6 Kf7 23. Kd2 Ke8 24. Re1 Kf7 25. Reb1 Ke8 26. Rb8 1-0

[Event "US Open-117"]
[Site "Indianapolis"]
[Date "2016.08.04"]
[Round "6"]
[White "Mathur, Rithwik"]
[Black "Takahashi, Michael John"]
[Result "1/2-1/2"]
[WhiteElo "2089"]
[BlackElo "1670"]
[PlyCount "97"]
[EventDate "2016.07.30"]
[EventType "swiss"]
[EventRounds "9"]
[EventCountry "USA"]
[SourceTitle "CBM 173 Extra"]
[Source "ChessBase"]
[SourceDate "2016.08.29"]
[SourceVersion "1"]
[SourceVersionDate "2016.08.29"]
[SourceQuality "1"]

1. d4 e6 2. Bf4 b6 3. Nf3 Bb7 4. e3 Nf6 5. Nbd2 c5 6. c3 d5 7. Ne5 Nbd7 8. Bd3 a6 9. a4 Nxe5 10. Bxe5 Nd7 11. Bg3 Qe7 12. Nf3 f6 13. Qb1 g6 14. b3 Bg7 15. Qc2 e5 16. dxe5 fxe5 17. Bh4 Qd6 18. Rd1 Qc6 19. c4 d4 20. e4 0-0 21. 0-0 Rfe8 22. Bg3 a5 23. Qe2 Nb8 24. Ne1 Na6 25. Nc2 Bc8 26. Rde1 Nc7 27. f4 exf4 28. Bxf4 Ne6 29. Bd2 Bb7 30. Rf2 Rf8 31. Ref1 Qd6 32. g3 Rxf2 33. Rxf2 Rf8 34. Ne1 Rxf2 35. Qxf2 Qf8 36. Qxf8+ Bxf8 37. Kf2 Bd6 38. Nf3 Kf7 39. Ng5+ Nxg5 40. Bxg5 Bc7 41. Kf3 Bc8 42. Bf4 Bd8 43. g4 Ke6 44. Bf1 Kd7 45. Bg3 Bc7 46. Bxc7 Kxc7 47. Kf4 Kd6 48. h3 h6 49. Bd3 1/2-1/2

[Event "US Open-117"]
[Site "Indianapolis"]
[Date "2016.08.03"]
[Round "5"]
[White "Nyzhnyk, Illya"]
[Black "Mathur, Rithwik"]
[Result "1-0"]
[WhiteElo "2621"]
[BlackElo "2089"]
[PlyCount "55"]
[EventDate "2016.07.30"]
[EventType "swiss"]
[EventRounds "9"]
[EventCountry "USA"]
[SourceTitle "CBM 173 Extra"]
[Source "ChessBase"]
[SourceDate "2016.08.29"]
[SourceVersion "1"]
[SourceVersionDate "2016.08.29"]
[SourceQuality "1"]

1. d4 f5 2. g3 Nf6 3. Bg2 g6 4. c3 Bg7 5. Nh3 d5 6. Nd2 Nc6 7. Nf3 e6 8. Nf4 0-0 9. h4 Qe8 10. h5 Nxh5 11. Nxh5 gxh5 12. Bf4 Ne7 13. Bxc7 Ng6 14. e3 Bf6 15. Bd6 Rf7 16. Ne5 Bxe5 17. dxe5 h4 18. gxh4 Rg7 19. h5 Nh4 20. Bf1 Ng2+ 21. Kd2 d4 22. Rh2 Qc6 23. Bxg2 Rxg2 24. Rxg2+ Qxg2 25. Qg1 dxc3+ 26. bxc3 Qxg1 27. Rxg1+ Kf7 28. h6 1-0